000 00461nam a2200145Ia 4500
008 220214s9999 xx 000 0 und d
022 _a0004-5756
245 0 _aJournal of the Association of Official Analytical Chemists
260 _bAssociation of Official Analytical Chemists, Arlington
_aUSA
310 _aBM
500 _aEnding Volume & Year: 70, 1987
500 _aMissing Volume: 64(4-6);67(1)
500 _aStarting Volume & Year: 41, 1958
942 _cBJ
999 _c183
_d183